Statistics for Top 15 Celebrities Born In 1943

Click here to take the quiz!

General Stats

  • This quiz has been taken 111 times
  • The average score is 6 of 15

Answer Stats

Answer% Correct
Mick Jagger
81%
Robert De Niro
81%
George Harrison
72%
Jim Morrison
65%
Christopher Walken
64%
Janis Joplin
63%
John Denver
53%
Barry Manilow
36%
Joe Pesci
33%
Wallace Shawn
27%
Blythe Danner
14%
Holland Taylor
13%
Gloria Gaynor
7%
RL Stine
6%
Toni Basil
5%

Score Distribution

Percentile by Number Answered

Percent of People with Each Score

Your Score History

You have not taken this quiz